Obsah Programového vyhlásenia vlády Slovenskej republiky

Bibliographic Details
Format: Article
Language:Slovak
ISSN:1335-7883
Subjects:

MARC

LEADER 00000nab a2200000 ar4500
001 vtls008851500
003 SK-MaSNL
005 20260303101241.0
008 061003c2006 xo sr|p|||||||000 b|slo
015 |a SNBRB2006/10  |2 snkbucl 
038 |a SNKBUCL 
040 |a SNKBUCL  |b slo  |c SNKBUCL  |e AACR2 
041 0 |a slo 
044 |a xo  |c SK 
080 |a 328.1  |x (437.6)  |2 UDC-MRF-SK2 
245 0 0 |a Obsah Programového vyhlásenia vlády Slovenskej republiky 
504 |a Dokončenie v č. 20/2006 
610 1 7 |a Slovensko.  |b Vláda  |2 snkbucl  |9 14235 
650 0 7 |a programové vyhlásenie  |2 snkbucl  |9 1057153 
773 0 |t Verejná správa  |g Roč. 61, č. 19 (2006), s. 13-20  |x 1335-7883 
852 |a SNK  |b KIS3GCP 
958 |a SK 
999 |c 1837655  |d 1839585